Statistics for Most Tottenham Premier League Appearances

Click here to take the quiz!

General Stats

  • This quiz has been taken 243 times
  • The average score is 6 of 20

Answer Stats

AppsYear of debutLast AppearancePositionAnswer% Correct
27620042014StrikerJermaine Defoe
87%
26819992012DefenderLedley King
87%
29919922004MidfielderDarren Anderton
66%
162*2012CurrentGoalkeeperHugo Lloris
42%
23820022011StrikerRobbie Keane
36%
1432012CurrentDefenderJan Vertonghen
31%
177*2010CurrentDefenderKyle Walker
30%
26620052014MidfielderAaron Lennon
25%
24019922001GoalkeeperIan Walker
25%
23620052014DefenderMichael Dawson
25%
15520052012MidfielderJermaine Jenas
21%
25519922001DefenderSol Campbell
21%
14620072013MidfielderGareth Bale
20%
14420062013MidfielderTom Huddlestone
16%
17419922000DefenderJustin Edinburgh
11%
22619932004DefenderSteven Carr
9%
15520062013DefenderBenoit Assou-Ekotto
8%
16319931999DefenderColin Calderwood
7%
14319962003StrikerSteffen Iversen
6%
23619922003StrikerTeddy Sherringham
6%

Score Distribution

Percentile by Number Answered

Percent of People with Each Score

Your Score History

You have not taken this quiz